| 000 | 00825nam a2200241 a 4500 | ||
|---|---|---|---|
| 001 | 000049187 | ||
| 003 | Ost | ||
| 005 | 20260321073644.0 | ||
| 008 | 190726s2009 dr a r 000 0bspa d | ||
| 020 | _a9789945452174 | ||
| 040 |
_aDO-SdBNP _bspa _cBNPHU |
||
| 082 | 4 |
_a923.27293 _bB742G _222 |
|
| 100 | 1 |
_aGarcía Estrella, Félix _918735 |
|
| 245 | 1 | 0 |
_aJuan Bosch en primer plano : _blos hechos más sobresalientes de su vida / _cFélix García Estrella. |
| 260 |
_aSanto Domingo : _bNuevo Diario, _c2009. |
||
| 300 |
_a169 p. : _bil. , fots. ; _c21 cm. |
||
| 500 | _aIncluye datos biográficos del autor : p. 5 | ||
| 590 | _aInventariado, 2019/BT | ||
| 600 | 1 | 0 |
_a Bosch, Juan, _d1909-2001 _976555 |
| 650 | 1 | 4 |
_aRepública Dominicana _vBiografías _957541 |
| 910 | _aValidado. Control de calidad MFF | ||
| 942 |
_2ddc _cLBS1 |
||
| 999 |
_c48675 _d48675 |
||